[Event "DEN-chT 2324 61st"]
[Site "Denmark"]
[Date "2024.01.28"]
[Round "6.5"]
[White "Borge, Nikolaj"]
[Black "Moeller, Dustin"]
[Result "1/2-1/2"]
[WhiteElo "2392"]
[BlackElo "2206"]
[PlyCount "107"]
[EventDate "2023.10.28"]
[EventType "team-tourn"]
[EventRounds "9"]
[EventCountry "DEN"]
[SourceTitle "CB11_2024"]
[SourceDate "2024.03.13"]
[SourceVersion "1"]
[SourceVersionDate "2024.03.13"]
[SourceQuality "1"]
[WhiteTeam "Hillerod"]
[BlackTeam "Fredericia"]
[WhiteTeamCountry "DEN"]
[BlackTeamCountry "DEN"]

1. e4 c5 2. Nf3 Nc6 3. Bb5 Nf6 4. e5 Nd5 5. Nc3 Nc7 6. Bxc6 dxc6 7. h3 g6 8. d3 Bg7 9. Bf4 Ne6 10. Qd2 Nxf4 11. Qxf4 Be6 12. 0-0 0-0 13. Rfe1 Qb6 14. b3 Rae8 15. Qe3 Qa5 16. Ne4 b6 17. a3 Qa6 18. c4 h6 19. Ng3 Qc8 20. b4 f5 21. Nf1 g5 22. bxc5 f4 23. Qe2 Bxh3 24. gxh3 Qxh3 25. N1h2 g4 26. Nd2 Rf5 27. Qf1 Qh4 28. Qg2 f3 29. Ndxf3 gxf3 30. Nxf3 Qh5 31. Re3 Ref8 32. Nh2 Rxf2 33. Qg3 R2f5 34. Kh1 Rg5 35. Qh3 Qg6 36. Rf1 Rxf1+ 37. Qxf1 Bxe5 38. cxb6 axb6 39. Rh3 Rg3 40. Nf3 Qg4 41. Rxg3 Bxg3 42. Qe2 Bd6 43. a4 h5 44. Qe4 Qxe4 45. dxe4 Kf7 46. Kg2 Ke6 47. Nd4+ Ke5 48. Nxc6+ Kxe4 49. a5 bxa5 50. Nxa5 Kd3 51. Nc6 e6 52. Nd8 e5 53. Nf7 Kxc4 54. Nxe5+ 1/2-1/2

[Event "DEN-chT 2324 61st"]
[Site "Denmark"]
[Date "2023.10.28"]
[Round "1.5"]
[White "Rostgaard, Tobias Valentin"]
[Black "Moeller, Dustin"]
[Result "1-0"]
[WhiteElo "2308"]
[BlackElo "2206"]
[PlyCount "79"]
[EventDate "2023.10.28"]
[EventType "team-tourn"]
[EventRounds "9"]
[EventCountry "DEN"]
[SourceTitle "Mega2024 Update 01"]
[Source "Chessbase"]
[SourceDate "2023.11.12"]
[SourceVersion "1"]
[SourceVersionDate "2023.11.12"]
[SourceQuality "1"]
[WhiteTeam "BMS"]
[BlackTeam "Fredericia"]
[WhiteTeamCountry "DEN"]
[BlackTeamCountry "DEN"]

1. c4 e5 2. Nc3 Nf6 3. e4 Nc6 4. Nf3 Bb4 5. Be2 d6 6. d3 Bc5 7. 0-0 Bg4 8. Nd5 Bxf3 9. Bxf3 Nxd5 10. cxd5 Nd4 11. Bg4 0-0 12. Be3 c6 13. dxc6 bxc6 14. Rc1 Qb6 15. b3 a5 16. Bd7 Ne6 17. Qe2 Bxe3 18. Qxe3 Nc5 19. Bf5 a4 20. d4 exd4 21. Qxd4 axb3 22. axb3 Qc7 23. Rc3 Rfe8 24. b4 Ne6 25. Bxe6 Rxe6 26. Rfc1 Rc8 27. h4 Qd7 28. h5 Qe8 29. Rg3 f6 30. h6 g6 31. f4 Rxe4 32. Qxf6 Qe7 33. Qxe7 Rxe7 34. f5 Re5 35. fxg6 Rh5 36. Rgc3 c5 37. Rd3 Rb8 38. Rxd6 hxg6 39. bxc5 Re5 40. c6 1-0

[Event "St Veit op 42nd"]
[Site "St Veit"]
[Date "2023.07.11"]
[Round "5"]
[White "Matosec, Thomas"]
[Black "Moeller, Dustin"]
[Result "0-1"]
[WhiteElo "2051"]
[BlackElo "2245"]
[PlyCount "74"]
[EventDate "2023.07.08"]
[EventType "swiss"]
[EventRounds "9"]
[EventCountry "AUT"]
[SourceTitle "CBM 215 Extra"]
[Source "ChessBase"]
[SourceDate "2023.09.30"]
[SourceVersion "1"]
[SourceVersionDate "2023.09.30"]
[SourceQuality "1"]

1. Nf3 d5 2. g3 c5 3. Bg2 Nc6 4. d4 Nf6 5. 0-0 e6 6. c4 dxc4 7. Ne5 Bd7 8. Nxc4 cxd4 9. Bf4 Be7 10. Nd6+ Kf8 11. Nc4 Rc8 12. Nbd2 Nd5 13. Bd6 b5 14. Bxe7+ Qxe7 15. Na3 Ncb4 16. Qb3 h5 17. Rac1 Rd8 18. Nc2 Nxc2 19. Rxc2 h4 20. Nf3 hxg3 21. hxg3 Nb4 22. Rc7 Qd6 23. Rfc1 Nc6 24. Rxd7 Qxd7 25. Qxb5 Ne7 26. Qb4 Rh5 27. Nd2 Rb5 28. Qa3 Kg8 29. Be4 Rc8 30. Rxc8+ Nxc8 31. Nc4 g6 32. Qf3 Rc5 33. Bd3 Qd5 34. Qf6 Rxc4 35. Bxc4 Qxc4 36. b3 Qc1+ 37. Kg2 Qc6+ 0-1

[Event "St Veit op 42nd"]
[Site "St Veit"]
[Date "2023.07.08"]
[Round "1"]
[White "Enne, Harald"]
[Black "Moeller, Dustin"]
[Result "0-1"]
[WhiteElo "1955"]
[BlackElo "2245"]
[PlyCount "76"]
[EventDate "2023.07.08"]
[EventType "swiss"]
[EventRounds "9"]
[EventCountry "AUT"]
[SourceTitle "CBM 215 Extra"]
[Source "ChessBase"]
[SourceDate "2023.09.30"]
[SourceVersion "1"]
[SourceVersionDate "2023.09.30"]
[SourceQuality "1"]

1. d4 Nf6 2. c4 e6 3. Nc3 Bb4 4. Qc2 c5 5. dxc5 0-0 6. a3 Bxc5 7. e3 b6 8. b4 Be7 9. Nf3 Bb7 10. Be2 d6 11. 0-0 Nbd7 12. Bb2 a6 13. Rfd1 Rc8 14. Qb3 Rc7 15. Rac1 Qa8 16. Ne1 Rfc8 17. f3 Qa7 18. Kf2 h5 19. Rd2 Ne5 20. Na2 Nfd7 21. h3 d5 22. f4 Nxc4 23. Rdc2 Nf6 24. Bxf6 Bxf6 25. Bxh5 b5 26. Nf3 Ba8 27. Kg3 Nxe3 28. Rxc7 Rxc7 29. Rxc7 Nf1+ 30. Kg4 Qxc7 31. Qd3 Qc4 32. Qxc4 dxc4 33. f5 Ne3+ 34. Kg3 exf5 35. Ne1 Be4 36. Be2 Bb1 37. Nc1 Bb2 38. Kf2 Bxc1 0-1

[Event "Rhein Main op-A 24th"]
[Site "Bad Homburg"]
[Date "2022.06.19"]
[Round "7"]
[White "Moeller, Dustin"]
[Black "Wolf, Ulrich Martin"]
[Result "1-0"]
[WhiteElo "2244"]
[BlackElo "2159"]
[PlyCount "99"]
[EventDate "2022.06.15"]
[EventType "swiss"]
[EventRounds "7"]
[EventCountry "GER"]
[SourceTitle "EXT 2023"]
[Source "ChessBase"]
[SourceDate "2022.10.05"]
[SourceVersion "1"]
[SourceVersionDate "2022.10.05"]
[SourceQuality "1"]

1. d4 f5 2. Nc3 Nf6 3. Bg5 g6 4. h4 Bg7 5. h5 Nxh5 6. Rxh5 gxh5 7. Nd5 c6 8. Nxe7 h6 9. Bh4 d6 10. e3 Qa5+ 11. c3 Be6 12. a4 Bf8 13. Ng6 Rg8 14. Nf4 Bf7 15. Be2 Rg4 16. Bxg4 hxg4 17. Qd3 Na6 18. b4 Nxb4 19. cxb4 Qxb4+ 20. Qd2 Qb3 21. Nge2 Kd7 22. Nc3 Kc7 23. Rb1 Qc4 24. Qd3 Qxd3 25. Nxd3 Bc4 26. Kd2 a5 27. Bg3 Be7 28. Rh1 Rh8 29. Rh5 Bf7 30. Rh1 Bf6 31. Nf4 h5 32. Bh4 Bg7 33. Nce2 b5 34. Ng3 Bh6 35. Bf6 Rb8 36. Nd3 bxa4 37. Nxf5 Bf8 38. Ra1 Bb3 39. Ng3 Rb5 40. e4 h4 41. Bxh4 d5 42. e5 Bb4+ 43. Nxb4 axb4 44. e6 a3 45. Nf5 Bc4 46. e7 Kd7 47. Ng7 Rb8 48. e8Q+ Rxe8 49. Nxe8 Kxe8 50. Re1+ 1-0

[Event "Oberliga Nord N 2122"]
[Site "Germany"]
[Date "2022.05.01"]
[Round "9.5"]
[White "Reichmann, Hendrik"]
[Black "Moeller, Dustin"]
[Result "1/2-1/2"]
[WhiteElo "2332"]
[BlackElo "2241"]
[PlyCount "104"]
[EventDate "2021.10.31"]
[EventType "team-tourn"]
[EventRounds "9"]
[EventCountry "GER"]
[SourceTitle "EXT 2023"]
[Source "ChessBase"]
[SourceDate "2022.10.05"]
[SourceVersion "1"]
[SourceVersionDate "2022.10.05"]
[SourceQuality "1"]
[WhiteTeam "Schwerin"]
[BlackTeam "Preetz"]
[WhiteTeamCountry "GER"]
[BlackTeamCountry "GER"]

1. d4 d5 2. Bf4 Nf6 3. Nc3 c5 4. e3 a6 5. dxc5 Nc6 6. a3 e5 7. Bg5 Be6 8. b4 Be7 9. Na4 h6 10. Bh4 Ne4 11. Bxe7 Qxe7 12. Nf3 Rd8 13. Nd2 Qg5 14. h4 Qg6 15. Nxe4 dxe4 16. Qe2 0-0 17. Nc3 Bg4 18. Qc4 Nd4 19. exd4 Rxd4 20. Qb3 Be6 21. Qb2 e3 22. Ne2 Rd2 23. Qxe5 Qxc2 24. Qxe3 Rfd8 25. f3 Bc4 26. Rc1 Rd1+ 27. Kf2 Qa2 28. Rxd1 Rxd1 29. Rh2 g6 30. g4 Qa1 31. Rh1 Re1 32. Qd2 Rb1 33. Qd8+ Kh7 34. Qd4 Qa2 35. Qe3 Bxe2 36. Bxe2 Rxh1 37. Kg2 Re1 38. Kf2 Rh1 39. Kg3 Qa1 40. h5 Rg1+ 41. Kh2 Re1 42. hxg6+ fxg6 43. Kg2 Qf6 44. Qe4 Qg7 45. f4 Qd7 46. Kf2 Ra1 47. Bd3 Qf7 48. f5 Rxa3 49. Kg1 gxf5 50. Qd4 Rxd3 51. Qxd3 Qg6 52. Qd7+ Qg7 1/2-1/2

[Event "Bad Woerishofen op 37th"]
[Site "Bad Woerishofen"]
[Date "2022.03.17"]
[Round "7"]
[White "Moeller, Dustin"]
[Black "Halkias, Stelios"]
[Result "0-1"]
[WhiteElo "2220"]
[BlackElo "2527"]
[PlyCount "70"]
[EventDate "2022.03.11"]
[EventType "swiss"]
[EventRounds "9"]
[EventCountry "GER"]
[SourceTitle "EXT 2024"]
[Source "ChessBase"]
[SourceDate "2023.10.10"]
[SourceVersion "1"]
[SourceVersionDate "2023.10.10"]
[SourceQuality "1"]

1. d4 Nf6 2. c4 e6 3. Nf3 Bb4+ 4. Bd2 a5 5. a3 Bxd2+ 6. Qxd2 b6 7. Nc3 Bb7 8. e3 d6 9. Bd3 Nbd7 10. e4 e5 11. d5 Nc5 12. Bc2 0-0 13. b3 Bc8 14. h3 Nh5 15. g3 f5 16. Qe2 fxe4 17. Nxe4 Nxe4 18. Bxe4 Nf6 19. Bc2 Re8 20. Ng5 e4 21. 0-0-0 h6 22. Nxe4 Nxe4 23. Bxe4 Qf6 24. Qc2 Qa1+ 25. Kd2 Qd4+ 26. Bd3 Bf5 27. Kc1 Bxd3 28. Rxd3 Qa1+ 29. Qb1 Qxa3+ 30. Qb2 Qb4 31. Qc3 Re2 32. Kd1 Rxf2 33. Rf3 Rxf3 34. Qxf3 Rf8 35. Qd3 a4 0-1

[Event "Innsbruck op 5th"]
[Site "Innsbruck"]
[Date "2021.08.25"]
[Round "6"]
[White "Brilej, Jaka"]
[Black "Moeller, Dustin"]
[Result "1/2-1/2"]
[WhiteElo "2344"]
[BlackElo "2177"]
[PlyCount "113"]
[EventDate "2021.08.21"]
[EventType "swiss"]
[EventRounds "9"]
[EventCountry "AUT"]
[SourceTitle "CBM 204 Extra"]
[Source "ChessBase"]
[SourceDate "2021.11.30"]
[SourceVersion "1"]
[SourceVersionDate "2021.11.30"]
[SourceQuality "1"]

1. e4 c5 2. Nf3 Nc6 3. d4 cxd4 4. Nxd4 Nf6 5. Nc3 e5 6. Ndb5 d6 7. Bg5 a6 8. Na3 b5 9. Nd5 Be7 10. Bxf6 Bxf6 11. c3 0-0 12. Nc2 Rb8 13. h4 g6 14. g3 Bg7 15. h5 Ne7 16. Nce3 Nxd5 17. Nxd5 Bb7 18. Bg2 Bf6 19. Nxf6+ Qxf6 20. Qd2 Rfd8 21. hxg6 hxg6 22. 0-0-0 Rbc8 23. Kb1 Rc4 24. Qe3 b4 25. cxb4 Rxb4 26. Rd2 Rb8 27. Rc1 a5 28. f3 d5 29. Qc5 Qb6 30. Qxb6 Rxb6 31. exd5 Bxd5 32. Rc5 Be6 33. Rxe5 Rc8 34. f4 Bf5+ 35. Be4 Rbc6 36. b3 Bxe4+ 37. Rxe4 Rc3 38. g4 Rg3 39. g5 Rf3 40. Kb2 Kg7 41. Ka3 f5 42. Re7+ Kf8 43. Rdd7 Rf2 44. Rh7 Kg8 45. Rdg7+ Kf8 46. Ra7 Kg8 47. Rhb7 Rxf4 48. Rg7+ Kh8 49. Rxg6 a4 50. Rf6 axb3 51. axb3 Rb8 52. g6 Rf3 53. g7+ Kg8 54. Ka2 Rf2+ 55. Kb1 Re8 56. Rc7 Rg2 57. Rc1 1/2-1/2

[Event "Innsbruck op 5th"]
[Site "Innsbruck"]
[Date "2021.08.24"]
[Round "5"]
[White "Moeller, Dustin"]
[Black "Schroll, Gerhard"]
[Result "1-0"]
[WhiteElo "2177"]
[BlackElo "2324"]
[PlyCount "71"]
[EventDate "2021.08.21"]
[EventType "swiss"]
[EventRounds "9"]
[EventCountry "AUT"]
[SourceTitle "CBM 204 Extra"]
[Source "ChessBase"]
[SourceDate "2021.11.30"]
[SourceVersion "1"]
[SourceVersionDate "2021.11.30"]
[SourceQuality "1"]

1. d4 d5 2. c4 e6 3. Nc3 Nf6 4. cxd5 exd5 5. Bg5 Bb4 6. e3 h6 7. Bxf6 Qxf6 8. Qb3 Qb6 9. Qxd5 Bxc3+ 10. bxc3 Qb2 11. Qb5+ Qxb5 12. Bxb5+ Bd7 13. Bd3 c5 14. Nf3 cxd4 15. cxd4 Nc6 16. Rb1 Rb8 17. Kd2 Ke7 18. Rhc1 Rhc8 19. e4 Na5 20. Ne5 Be8 21. Ke3 f6 22. Nc4 Nc6 23. d5 b5 24. dxc6 bxc4 25. Rxb8 Rxb8 26. c7 Rc8 27. Rxc4 Kd6 28. Kd4 Rxc7 29. Rxc7 Kxc7 30. Kc5 g5 31. Bc4 h5 32. Be6 h4 33. g3 Bc6 34. Bf5 Be8 35. Kd5 Bf7+ 36. Be6 1-0

[Event "Innsbruck op 5th"]
[Site "Innsbruck"]
[Date "2021.08.22"]
[Round "3"]
[White "Moeller, Dustin"]
[Black "Platzgummer, Fabian"]
[Result "1-0"]
[WhiteElo "2177"]
[BlackElo "2345"]
[PlyCount "93"]
[EventDate "2021.08.21"]
[EventType "swiss"]
[EventRounds "9"]
[EventCountry "AUT"]
[SourceTitle "CBM 204 Extra"]
[Source "ChessBase"]
[SourceDate "2021.11.30"]
[SourceVersion "1"]
[SourceVersionDate "2021.11.30"]
[SourceQuality "1"]

1. c4 g6 2. Nc3 Bg7 3. e4 c5 4. g3 Nc6 5. Bg2 d6 6. Nge2 e6 7. d3 Nge7 8. 0-0 0-0 9. a3 Nd4 10. Rb1 Nec6 11. Be3 Rb8 12. b4 f5 13. b5 Nxe2+ 14. Nxe2 Nd4 15. Nxd4 Bxd4 16. Qa4 Ra8 17. Bxd4 cxd4 18. exf5 gxf5 19. f4 Qb6 20. Qb4 Rf7 21. a4 a5 22. bxa6 Qxa6 23. Qb6 Qxb6 24. Rxb6 Rd7 25. Rb4 Kf7 26. Rfb1 Ra7 27. Bf3 Ke7 28. Re1 Rc7 29. h3 Bd7 30. g4 fxg4 31. hxg4 Kf6 32. Kg2 Bc6 33. Rh1 Kg6 34. Be4+ Bxe4+ 35. dxe4 e5 36. f5+ Kg7 37. g5 Ra6 38. Kf3 Rac6 39. Rhb1 Kf7 40. Rh1 Kg7 41. f6+ Kg8 42. Kg4 Rxc4 43. Rxc4 Rxc4 44. Kf5 Rc2 45. Ke6 d3 46. f7+ Kg7 47. Rxh7+ 1-0

[Event "DSOL 02 Liga Gr-D 1st"]
[Site "Playchess.com INT"]
[Date "2020.06.24"]
[Round "1.1"]
[White "Moeller, Dustin"]
[Black "Nissen, Claus"]
[Result "0-1"]
[WhiteElo "2184"]
[BlackElo "2132"]
[PlyCount "86"]
[EventDate "2020.06.22"]
[EventType "team-tourn (rapid)"]
[EventCountry "GER"]
[SourceTitle "EXT 2021"]
[Source "ChessBase"]
[SourceDate "2020.10.23"]
[SourceVersion "1"]
[SourceVersionDate "2020.10.23"]
[SourceQuality "1"]
[WhiteTeam "Eckernforder SC"]
[BlackTeam "Oberhausen SV"]
[WhiteTeamCountry "GER"]
[BlackTeamCountry "GER"]

1. Nf3 d5 2. d4 c5 3. e3 Nc6 4. c3 e6 5. Nbd2 Nf6 6. Bd3 Bd6 7. dxc5 Bxc5 8. b4 Bd6 9. 0-0 e5 10. e4 0-0 11. Bb2 Bg4 12. a3 Ne7 13. Re1 Re8 14. exd5 Nexd5 15. Ne4 Bc7 16. g3 Rb8 17. c4 Nxe4 18. Bxe4 Nf6 19. Qxd8 Rexd8 20. Bxe5 Bxe5 21. Nxe5 Nxe4 22. Rxe4 Bh3 23. Rae1 f6 24. Nf3 Rd3 25. Nd4 Rd8 26. Nb5 a6 27. Nc7 Rxa3 28. Nd5 b5 29. Ne7+ Kf7 30. c5 Rd2 31. Rh4 Re2 32. Rd1 Rd3 33. Ra1 Be6 34. Nc6 Bd5 35. Rd4 Ra3 36. Nd8+ Ke7 37. Rad1 Bf3 38. c6 Rc3 39. Rd7+ Ke8 40. c7 Rec2 41. Nb7 Bxb7 42. Rd8+ Kf7 43. R8d7+ Kg6 0-1

[Event "Berlin Lichtenberger op 18th"]
[Site "Berlin"]
[Date "2019.08.20"]
[Round "4"]
[White "Kohlmeyer, Dagobert"]
[Black "Moeller, Dustin"]
[Result "0-1"]
[WhiteElo "1776"]
[BlackElo "2178"]
[PlyCount "110"]
[EventDate "2019.08.17"]
[EventType "swiss"]
[EventRounds "9"]
[EventCountry "GER"]
[SourceTitle "EXT 2020"]
[Source "ChessBase"]
[SourceDate "2019.10.17"]
[SourceVersion "1"]
[SourceVersionDate "2019.10.17"]
[SourceQuality "1"]

1. e4 c6 2. d4 d5 3. Nc3 dxe4 4. Nxe4 Nf6 5. Nxf6+ exf6 6. c3 Bd6 7. Bd3 0-0 8. Ne2 Re8 9. 0-0 Nd7 10. Bf4 Nf8 11. Bxd6 Qxd6 12. Qc2 f5 13. Qd2 Ng6 14. Ng3 f4 15. Nh5 f3 16. Rfe1 Bg4 17. Bxg6 Qxg6 18. Ng3 fxg2 19. Kxg2 h5 20. f3 Be6 21. Kf2 Bd5 22. Rxe8+ Rxe8 23. Re1 Rxe1 24. Qxe1 h4 25. Ne4 Qf5 26. Qe3 Bxa2 27. Nd6 Qd7 28. Qe8+ Qxe8 29. Nxe8 Be6 30. Nd6 b6 31. Ke3 Kf8 32. Kf4 Ke7 33. Ne4 f6 34. Ke3 g5 35. f4 g4 36. Nd2 Bf5 37. Nf1 Kd6 38. Nd2 b5 39. b4 Kd5 40. Kf2 Be4 41. Kf1 Bd3+ 42. Kf2 Ke6 43. Ke3 Bc2 44. Nf1 Kf5 45. Nd2 a6 46. Nf1 Be4 47. Nd2 Bd5 48. Nf1 Bg2 49. Nd2 h3 50. Kf2 Kxf4 51. c4 bxc4 52. Nxc4 Ke4 53. Ne3 Bf3 54. Nc2 f5 55. Ne3 f4 0-1

[Event "Berlin Lichtenberger op 18th"]
[Site "Berlin"]
[Date "2019.08.17"]
[Round "1"]
[White "Moeller, Dustin"]
[Black "Bade, Heidrun"]
[Result "1-0"]
[WhiteElo "2178"]
[BlackElo "1783"]
[PlyCount "57"]
[EventDate "2019.08.17"]
[EventType "swiss"]
[EventRounds "9"]
[EventCountry "GER"]
[SourceTitle "EXT 2020"]
[Source "ChessBase"]
[SourceDate "2019.10.17"]
[SourceVersion "1"]
[SourceVersionDate "2019.10.17"]
[SourceQuality "1"]

1. d4 d5 2. Nf3 Nf6 3. e3 Bf5 4. c4 e6 5. Qb3 Qc8 6. Nc3 c6 7. Be2 Be7 8. Ne5 Nbd7 9. f4 Ne4 10. 0-0 Qc7 11. g4 Nxc3 12. bxc3 Be4 13. cxd5 exd5 14. Bf3 Nxe5 15. fxe5 Bg6 16. c4 dxc4 17. Qxc4 Qd7 18. e4 0-0 19. Be3 b6 20. Rac1 Rac8 21. Rc2 Qe6 22. Rfc1 Qd7 23. Qa4 Qb7 24. Rxc6 Rxc6 25. Qxc6 Qa6 26. Qc4 Qa3 27. Rc3 Qb2 28. Qb3 Qxb3 29. axb3 1-0

[Event "Rhein Main op-A 22nd"]
[Site "Bad Homburg"]
[Date "2019.06.22"]
[Round "6"]
[White "Moeller, Dustin"]
[Black "Lahouel, Kim Luca"]
[Result "1/2-1/2"]
[WhiteElo "2150"]
[BlackElo "1974"]
[PlyCount "51"]
[EventDate "2019.06.19"]
[EventType "swiss"]
[EventRounds "9"]
[EventCountry "GER"]
[SourceTitle "EXT 2020"]
[Source "ChessBase"]
[SourceDate "2019.10.17"]
[SourceVersion "1"]
[SourceVersionDate "2019.10.17"]
[SourceQuality "1"]

1. d4 d5 2. c4 e6 3. Nc3 c6 4. e3 Bd6 5. Nf3 f5 6. Bd3 Nf6 7. 0-0 Nbd7 8. b3 0-0 9. Bb2 b6 10. cxd5 Nxd5 11. Rc1 Bb7 12. Qe2 Rb8 13. g3 Nb4 14. Bc4 Qe7 15. a3 b5 16. axb4 bxc4 17. bxc4 Bxb4 18. c5 Ra8 19. Qc4 a5 20. Rfe1 Ba6 21. Qa2 Kh8 22. Ba3 Qf6 23. Bxb4 axb4 24. Nb1 Bb5 25. Qb2 Rfb8 26. Nbd2 1/2-1/2

[Event "GER-ch 37th"]
[Site "Magdeburg"]
[Date "2019.05.30"]
[Round "7"]
[White "Gungl, Theo"]
[Black "Moeller, Dustin"]
[Result "1/2-1/2"]
[WhiteElo "2331"]
[BlackElo "2156"]
[PlyCount "71"]
[EventDate "2019.05.26"]
[EventType "swiss"]
[EventRounds "9"]
[EventCountry "GER"]
[SourceTitle "CBM 190 Extra"]
[Source "ChessBase"]
[SourceDate "2019.07.15"]
[SourceVersion "1"]
[SourceVersionDate "2019.07.15"]
[SourceQuality "1"]

1. e4 c6 2. d4 d5 3. exd5 cxd5 4. Bd3 Nc6 5. c3 Nf6 6. Bf4 Bg4 7. Qb3 e5 8. dxe5 Nh5 9. Be3 Nxe5 10. Bb5+ Nc6 11. Nd2 Be7 12. Ngf3 0-0 13. 0-0 a6 14. Be2 b5 15. h3 Be6 16. Qd1 Nf6 17. Nd4 Nxd4 18. Bxd4 Ne4 19. Re1 b4 20. Bd3 bxc3 21. Nxe4 dxe4 22. Bxe4 cxb2 23. Bxb2 Qxd1 24. Rexd1 Rab8 25. Be5 Rbd8 26. Bb7 Rxd1+ 27. Rxd1 Bxa2 28. Bxa6 Rd8 29. Rxd8+ Bxd8 30. Bd4 Be7 31. Be3 Bd6 32. Bd3 Be6 33. Bd4 Bd5 34. Be3 Be6 35. Bd4 Bd5 36. Be3 1/2-1/2

[Event "Berlin Lichtenberger op 17th"]
[Site "Berlin"]
[Date "2018.08.19"]
[Round "2"]
[White "Moeller, Dustin"]
[Black "Bartoszewski Reiski, Olaf"]
[Result "1-0"]
[WhiteElo "2149"]
[BlackElo "1873"]
[PlyCount "57"]
[EventDate "2018.08.18"]
[EventType "swiss"]
[EventRounds "9"]
[EventCountry "GER"]
[SourceTitle "CBM 186 Extra"]
[Source "ChessBase"]
[SourceDate "2018.08.24"]
[SourceVersion "1"]
[SourceVersionDate "2018.08.24"]
[SourceQuality "1"]

1. d4 Nf6 2. c4 c5 3. d5 e6 4. Nc3 exd5 5. cxd5 d6 6. Nf3 g6 7. Nd2 Bg7 8. Nc4 a6 9. Bf4 Bf8 10. a4 Nh5 11. Bd2 Nd7 12. Ne4 Nb6 13. Ba5 Nxc4 14. Bxd8 Kxd8 15. Qb3 Ne5 16. Qb6+ Kd7 17. e3 f5 18. Nxc5+ dxc5 19. Qe6+ Kd8 20. Qxe5 Bg7 21. Qd6+ Bd7 22. Qxc5 Rc8 23. Qb6+ Ke7 24. Bd3 f4 25. exf4 Rhf8 26. 0-0 Rxf4 27. Rae1+ Kf7 28. Qd6 Bg4 29. h3 1-0

[Event "Kiel op 31st"]
[Site "Kiel"]
[Date "2018.08.03"]
[Round "9"]
[White "Berger, Joachim"]
[Black "Moeller, Dustin"]
[Result "0-1"]
[WhiteElo "1966"]
[BlackElo "2140"]
[PlyCount "50"]
[EventDate "2018.07.28"]
[EventType "swiss"]
[EventRounds "9"]
[EventCountry "GER"]
[SourceTitle "CBM 185 Extra"]
[Source "ChessBase"]
[SourceDate "2018.07.29"]
[SourceVersion "1"]
[SourceVersionDate "2018.07.29"]
[SourceQuality "1"]

1. e4 e6 2. d4 d5 3. Nc3 Nf6 4. e5 Nfd7 5. Qg4 c5 6. dxc5 Nxe5 7. Qg3 Nec6 8. Nb5 Na6 9. Bd2 Qf6 10. 0-0-0 Bxc5 11. Nf3 0-0 12. Bg5 Qg6 13. Bd3 f5 14. h4 h5 15. Nd6 Nab4 16. a3 Nxd3+ 17. Rxd3 e5 18. Nxc8 f4 19. Bxf4 Qf5 20. Bxe5 Nxe5 21. Nxe5 Raxc8 22. Rd2 Bxf2 23. Rxf2 Qxf2 24. Qd3 Qf4+ 25. Kb1 Qxe5 0-1

[Event "Rhein Main op-A 21st"]
[Site "Bad Homburg"]
[Date "2018.06.02"]
[Round "6"]
[White "Moeller, Dustin"]
[Black "De Roda Husman, Juan"]
[Result "1/2-1/2"]
[WhiteElo "2138"]
[BlackElo "2251"]
[PlyCount "49"]
[EventDate "2018.05.30"]
[EventType "swiss"]
[EventRounds "7"]
[EventCountry "GER"]
[SourceTitle "EXT 2019"]
[Source "ChessBase"]
[SourceDate "2018.10.10"]
[SourceVersion "1"]
[SourceVersionDate "2018.10.10"]
[SourceQuality "1"]

1. d4 d6 2. Nf3 g6 3. c4 Bg7 4. Nc3 Bg4 5. e4 Nc6 6. Be3 e5 7. d5 Nce7 8. Qa4+ Bd7 9. Qb3 b6 10. Nd2 f5 11. f3 Nf6 12. Be2 a5 13. a4 Rb8 14. Qa3 0-0 15. b4 axb4 16. Qxb4 fxe4 17. Ndxe4 Nf5 18. Bf2 Nd4 19. Nxf6+ Bxf6 20. Bd3 Bh4 21. Ra2 Nxf3+ 22. gxf3 Rxf3 23. Be4 Rxf2 24. Rxf2 Bxf2+ 25. Kxf2 1/2-1/2